| 000 | 00807nam a2200241 a 4500 | ||
|---|---|---|---|
| 005 | 20241009063715.0 | ||
| 008 | 151023s2014 mx r 000 0 spa d | ||
| 020 | _a9786078257973 | ||
| 035 | _aUPN01000206313 | ||
| 049 | _aCG | ||
| 050 | 4 |
_aKGF2216 T6.8 _bCH4.3 |
|
| 100 | 1 |
_aChenaut González, María Victoria _938115 |
|
| 245 | 1 | 0 |
_aGénero y procesos interlegales / _cVictoria Chenaut. |
| 260 |
_aMéxico : _bEl Colegio de Michoacán, _c2014. |
||
| 300 |
_a350 p. : _bil. |
||
| 440 | 0 | _aInvestigaciones | |
| 650 | 4 |
_aTOTONACOS _918880 |
|
| 650 | 4 |
_aIndígenas de México _xSituación legal, leyes, etc. _98369 |
|
| 650 | 4 |
_aMujeres indígenas _zMéxico _922377 |
|
| 650 | 4 |
_aJusticia _xAdministración _zMéxico _919268 |
|
| 650 | 4 |
_aDERECHO CONSUETUDINARIO - _zMEXICO _924433 |
|
| 999 |
_c178414 _d178414 |
||